000 01629cam a2200397 a 4500
999 _c356
_d356
001 356
003 BD-JhCC
005 20190303134006.0
008 070804s2006 nyu 001 0aeng d
020 _a9780307237705
020 _a0307237702
035 _a(OCoLC)ocn166380128
_a(BD-JhCC) 356
040 _aBTCTA
_cBTCTA
_dBAKER
_dYDXCP
_dNPL
_dBD-JhCC
041 _aeng
050 1 4 _aE901.1.O23
_bA3 2007b
082 1 4 _a973.0496
_aB
_222
_bOBA 2006
100 1 _aObama, Barack.
245 1 4 _aThe audacity of hope :
_bthoughts on reclaiming the American dream /
_cBarack Obama.
250 _a1st pbk. ed.
260 _aNew York :
_bThree Rivers Press,
_cc2006.
300 _a375 p. ;
_c20 cm.
500 _aIncludes index.
505 0 _aRepublicans and Democrats -- Values -- Our Constitution -- Politics -- Opportunity -- Faith -- Race -- The world beyond our borders -- Family.
520 _aThe junior senator from Illinois discusses how to transform U.S. politics, calling for a return to America's original ideals and revealing how they can address such issues as globalization and the function of religion in public life.
600 1 0 _aObama, Barack.
600 1 0 _aObama, Barack
_xPhilosophy.
610 1 0 _aUnited States.
_bCongress.
_bSenate
650 0 _aLegislators
_zUnited States
_vBiography.
650 0 _aAfrican American legislators
_vBiography.
650 0 _aNational characteristics, American.
650 0 _aIdeals (Philosophy)
651 0 _aUnited States
_xPolitics and government
_xPhilosophy.
651 0 _aUnited States
_xPolitics and government
_y2001-2009
942 _2ddc
_cBK
_01